MDQL
is popping MORE tags! Check the
thread
!
Quizzes
Events
Quiz Creation
Community
Videos
Private Events
Remove Ads
Sign In
Join for FREE
Feedback
Dark Mode
Quiz Categories
Sports
Geography
Music
Movies
Television
Just For Fun
Miscellaneous
History
Literature
Language
Science
Gaming
Entertainment
Religion
Holiday
For Kids
Quiz Lab
Recent
Popular Today
Quiz Kudos Today
Editor Picks
Curator Picks
Quizzes by...
Day
Popularity
Type
Ratings
Length
Year
Community
Subscriptions
Recent Discussions
Orange Saloon
Badges
Playlists
Quests
Create
Leaderboards
Showdown
Live 5
Trivia Bingo
Activity
Puzzle Library
Sporcle Events
Private Events
Virtual Trivia
Globe League
Become a Host
Pub Owners
SporcleCon
Opinionation
Our Games
Videos
Blog
Mobile Apps
Partnerships
Remove Ads and Go Orange
Feedback
History
US Presidents
World Leaders
Politics
Nation
Discovery
War
Decade
Year
Century
Biography
Art
History
US Presidents
World Leaders
Politics
Nation
Discovery
War
Decade
Year
Century
Biography
Art
Random Quiz
Search Sporcle
×
Quiz Lab
Quiz Lab
History
State
Type in answers that appear in a list
Type in answers that appear in a list
Classic
Best Score? Go Orange.
Virginia statewide election winners Stats
Can you name the winners since 1972?
By
Westbranch
10m
69 Questions
236 Plays
236 Plays
236 Plays
Comments
Comments
Give Quiz Kudos
Give Quiz Kudos
-
- Ratings
hide this ad
Replay
Link that replays current quiz
Next Quiz
Link to next quiz in quiz playlist
You Got
0%
They Got
Avg Score
61%
Avg Friend Score
Upgrade to see
Score Distribution
Jump to the score distribution portion of the page
Score
0/69
Timer
10:00
0
Plays Today
Year/Office/Party
Candidate
% Correct
2016 Pres. (D)
Electors for Clinton-Kaine
97.3%
1972 Pres. (R)
Electors for Nixon-Agnew
96.2%
2020 Pres. (D)
Electors for Biden-Harris
95.3%
1988 Pres. (R)
Electors for Bush-Quayle
95.3%
1992 Pres. (R)
Electors for Bush-Quayle
95.3%
2000 Pres. (R)
Electors for Bush-Cheney
95.3%
2004 Pres. (R)
Electors for Bush-Cheney
95.3%
2008 Pres. (D)
Electors for Obama-Biden
94.9%
2012 Pres. (D)
Electors for Obama-Biden
94.5%
1980 Pres. (R)
Electors for Reagan-Bush
94.5%
1984 Pres. (R)
Electors for Reagan-Bush
94.5%
2020 Sen. (D)
Mark Warner
93%
2018 Sen. (D)
Tim Kaine
91.8%
2012 Sen. (D)
Tim Kaine
89.9%
1976 Pres. (R)
Electors for Ford-Dole
89.8%
2014 Sen. (D)
Mark Warner
89.2%
1978 Sen. (R)
John Warner
88.6%
1984 Sen. (R)
John Warner
88.6%
1990 Sen. (R)
John Warner
88.6%
1996 Sen. (R)
John Warner
88.6%
2001 Gov. (D)
Mark Warner
88.6%
2002 Sen. (R)
John Warner
88.6%
2008 Sen. (D)
Mark Warner
88.6%
2001 LG (D)
Tim Kaine
87.3%
2005 Gov. (D)
Tim Kaine
87.3%
2021 Gov. (R)
Glenn Youngkin
82.8%
1996 Pres. (R)
Electors for Dole-Kemp
80.5%
2017 Gov. (D)
Ralph Northam
78.1%
1993 Gov. (R)
George Allen
78%
2000 Sen. (R)
George Allen
78%
2006 Sen. (D)
Jim Webb
75.4%
2005 AG (R)
Bob McDonnell
71.6%
2009 Gov. (R)
Bob McDonnell
71.6%
1977 LG (D)
Chuck Robb
69.9%
1981 Gov. (D)
Chuck Robb
69.9%
Year/Office/Party
Candidate
% Correct
1988 Sen. (D)
Chuck Robb
69.9%
1994 Sen. (D)
Chuck Robb
69.9%
2013 Gov. (D)
Terry McAuliffe
68.8%
2013 LG (D)
Ralph Northam
67.7%
1976 Sen. (I)
Harry F. Byrd Jr.
66.1%
1993 AG (R)
Jim Gilmore
64.4%
1997 Gov. (R)
Jim Gilmore
64.4%
1985 LG (D)
Douglas Wilder
64%
1989 Gov. (D)
Douglas Wilder
64%
2009 AG (R)
Ken Cuccinelli
58.9%
2017 AG (D)
Mark Herring
58.9%
2021 LG (R)
Winsome Sears
51.7%
2013 AG (D)
Mark Herring
50.5%
2005 LG (R)
Bill Bolling
50%
2009 LG (R)
Bill Bolling
50%
2017 LG (D)
Justin Fairfax
46.6%
2001 AG (R)
Jerry Kilgore
42.8%
1985 AG (D)
Mary Sue Terry
42.4%
1989 AG (D)
Mary Sue Terry
42.4%
1981 AG (D)
Gerald Baliles
41.1%
1985 Gov. (D)
Gerald Baliles
41.1%
1989 LG (D)
Don Beyer
35.6%
1993 LG (D)
Don Beyer
35.6%
1973 Gov. (R)
Mills Godwin
34.7%
1997 AG (R)
Mark Earley
34.3%
1982 Sen. (R)
Paul Trible
33.9%
1973 LG (R)
John Dalton
30.9%
1977 Gov. (R)
John Dalton
30.9%
1977 AG (R)
Marshall Coleman
29.2%
1981 LG (D)
Richard Davis
28.4%
2021 AG (R)
Jason Miyares
27.6%
1997 LG (R)
John Hager
27.5%
1972 Sen. (R)
William Scott
25%
1973 AG (D)
Andrew Miller
23.7%
Quiz Playlist
Details
Report
Send in Message
Add To Playlist
Classic:
Type in answers that appear in a list
Last Updated: Nov 6, 2021
Quiz Scoreboard
CHALLENGE
Sign Up to Join the Scoreboard
Show All
Scores
Hide
Comments
May contain spoilers
Recently Published
1-10 Letter E Words III
by El_Dandy
Language
2m
Street Fighter Characters
by Artimus82
Gaming
60s
College Basketball Coaching Resumes
by pancakes188
Sports
9m
More to Explore
Quiz From the Vault
Featured Blog Post
Where Did the Easter Bunny Come From?
hide this ad
You Might Also Like...
Tags
State Quiz
candidate
election
office
Party
past
Virginia
Winner
Today's Top Quizzes in History
Browse History
hide this ad
Today's Top Quizzes in State
Browse State
Top Contributed Quizzes in History
1
Popular People in 1991
2
Popular People in 1981
3
Popular People in 1951
4
Popular People in 1941
5
Popular People in 1986
6
Popular People in 1976
7
Popular People in 1921
8
5-to-1: 20th Century Images of War
9
I Am Born On March 28th
10
Popular People in 1946
Explore More
Trending Topics
Disney
Crossword
Harry Potter
Kpop
Anime
NBA
Marvel
WWE
Puzzle
Song
Country
The Office
Pokémon
Soccer
NFL
hide this ad
More By:
Westbranch
Quiz
Plays
Rating
Category
Featured
Created
Novel Titles Explained!
31,194
4.75
Literature
Nov 30, 2019
200 Most Common County Names
28,625
4.66
Geography
Jun 17, 2010
John Paul Stevens Justices
18,570
4.45
History
Apr 10, 2010
1939 NCAA Tournament Map
5,221
4.33
Sports
Jan 21, 2019
NCAA BBall Champs Minefield
4,418
3.92
Sports
Dec 1, 2012
Go to Creator's Profile
Score Distribution
Quiz Creator Spotlight
Westbranch
Follow
Send a Message
Quizzes Created
-
Created Quiz Play Count
-
More By This Creator
Popular Quizzes Today
1
Find the US States - No Outlines Minefield
2
Find the Countries of Europe - No Outlines Minefield
3
The Countries of the World
4
Find the US States
5
Risky Map Clicking: Biggest States A-Z
6
US States
7
Popular People in 1961
8
Movies - When Are They Set?
More History Quizzes
Clickable Supreme Court Tweets
Editor's Pick
Trending Quizzes
Risky Map Clicking: Least Populous States A-Z
1-10 Letter G Words
1-10 Letter F Words
Countries of the World: 200 Million BC
Risky Map Clicking: Next State Alphabetically
Recently Updated
Beyoncé Albums
pecheneg
Leaping Animals
pecheneg
Reality TV Shows (A-Z)
bhenderson79
Rickey Henderson's Hall of Fame Teammates
pecheneg
Champions League XIs: Arsenal
pecheneg
Quick Pick: Celebrities in WWE's Hall of Fame
aduchscher
A-Z Keypad Blitz II
pecheneg
Multiple Oscar Actors
pecheneg
Mystery Phrase Blitz: Oscar 'Best Actors'
pecheneg
F. Scott Fitzgerald Novels
LTH
Trending Topics
NBA
Harry Potter
Crossword
Disney
Anime
Kpop
Marvel
Puzzle
Song
The Office
NFL
Pokémon
WWE
Country
Soccer
Your Account Isn't Verified!
In order to create a playlist on Sporcle, you need to verify the email address you used during registration. Go to your
Sporcle Settings
to finish the process.
Report this User
Report this user for behavior that violates our
Community Guidelines
.
Details:
Send Report
Go to the Sporcle.com Mobile Site →
Comments